| 000 | 00814cam a2200193 a 4500 | ||
|---|---|---|---|
| 020 | _a9789251071342 | ||
| 020 | _a9251071349 | ||
| 040 | _cUAT | ||
| 082 | _a630 FOO 2012 A052 Or. | ||
| 245 | 0 | 0 | _aConservation and sustainable use under the International Treaty. |
| 260 |
_aRome : _bFood and Agricultural Organization of the United Nations, _c2012. |
||
| 300 |
_axi, 154 p. : _bcol. ill., col. map ; _c30 cm. |
||
| 500 | _a"This is the second educational module in a series of training materials for the implementation of the International Treaty on Plant Genetic Resources for Food and Agriculture." | ||
| 650 | 0 | _aGermplasm resources, Plant. | |
| 650 | 0 | _aAgricultural conservation. | |
| 650 | 0 | _aSustainable agriculture. | |
| 710 | 2 | _aFood and Agriculture Organization of the United Nations. | |
| 942 | _cEK | ||
| 999 |
_c14744 _d14744 |
||